000 00441nam a22001697a 4500
005 20251108164316.0
008 250721s9999 xx 000 0 ara d
082 1 4 _a796.8153/رجب
100 1 _aعبجي، رجب
245 1 0 _aتعليم الكاراتيه /
264 _bدار الشام،
_c[19-].
300 _a160ص
650 1 7 _aألعاب المبارزة
650 1 7 _aالكاراتيه
942 _2ddc
_cBK
999 _c8942
_d8942